Chemical kinetics (Record no. 15004)

000 -LEADER
fixed length control field 00504nam a22001937a 4500
001 - CONTROL NUMBER
control field 15004
003 - CONTROL NUMBER IDENTIFIER
control field BD-DhUET
008 - FIXED-LENGTH DATA ELEMENTS--GENERAL INFORMATION
fixed length control field 150310b xxu||||| |||| 00| 0 eng d
040 ## - CATALOGING SOURCE
Original cataloging agency DLC
Transcribing agency DLC
Modifying agency BD-DhUET
082 ## - DEWEY DECIMAL CLASSIFICATION NUMBER
Classification number 541.394
Item number LAI/1965
100 ## - MAIN ENTRY--PERSONAL NAME
Personal name Laidler, Keith J.
245 ## - TITLE STATEMENT
Title Chemical kinetics
250 ## - EDITION STATEMENT
Edition statement 2nd ed.
260 ## - PUBLICATION, DISTRIBUTION, ETC. (IMPRINT)
Place of publication, distribution, etc. New Delhi
Name of publisher, distributor, etc. Tata McGraw-Hill
Date of publication, distribution, etc. 1965
300 ## - PHYSICAL DESCRIPTION
Extent viii,566p.
Other physical details illus.
504 ## - BIBLIOGRAPHY, ETC. NOTE
Bibliography, etc Includes bibliographies
650 #0 - SUBJECT ADDED ENTRY--TOPICAL TERM
Topical term or geographic name as entry element Kinetics : Reactions : Chemistry
942 ## - ADDED ENTRY ELEMENTS (KOHA)
Koha item type General Book
Holdings
Koha full call number Lost status Withdrawn status Copy number Koha item type Piece designation (barcode) Koha normalized classification for sorting Price effective from Date acquired Location (home branch) Source of classification or shelving scheme Not for loan Damaged status Sublocation or collection (holding branch) Koha date last seen Shelving location
541.394/LAI/1965  1General Book33559541_394000000000000_LAI_19652015-03-102015-03-10Central Library, BUET   Central Library, BUET2015-03-10Circulation section
541.394/LAI/1965  2General Book58458541_394000000000000_LAI_19652015-03-142015-03-14Central Library, BUET   Central Library, BUET2015-03-14Circulation section
541.394/LAI/1965  3General Book58454541_394000000000000_LAI_19652015-03-142015-03-14Central Library, BUET   Central Library, BUET2025-11-29Circulation section
541.394/LAI/1965  4General Book58460541_394000000000000_LAI_19652015-03-142015-03-14Central Library, BUET   Central Library, BUET2015-03-14Circulation section
541.394/LAI/1965  5General Book29718541_394000000000000_LAI_19652015-03-142015-03-14Central Library, BUET   Central Library, BUET2015-03-14Circulation section